Pilgrimage To Freedom : (Record no. 210648)

MARC details
000 -LEADER
fixed length control field 00687nam a22002177a 4500
005 - DATE AND TIME OF LATEST TRANSACTION
control field 20250402125037.0
010 ## - LCCN (DPL NO)
LC control number ENG-144410
020 ## - INTERNATIONAL STANDARD BOOK NUMBER
Terms of availability 600.00
International Standard Book Number 9788172764692
035 ## - SYSTEM CONTROL NUMBER
System control number EN-127942
037 E# - SOURCE OF ACQUISITION
Source of stock number/acquisition DBAD
082 ## - DEWEY DECIMAL CLASSIFICATION NUMBER
Classification number 342.5409
Edition number 2nd
100 ## - MAIN ENTRY--PERSONAL NAME
Personal name Munshi, K M
245 ## - TITLE STATEMENT
Title Pilgrimage To Freedom :
Remainder of title Indian Constitutional Documents/
Statement of responsibility, etc K M Munshi
250 ## - EDITION STATEMENT
Edition statement 2nd
260 ## - PUBLICATION, DISTRIBUTION, ETC. (IMPRINT)
Place of publication, distribution, etc Kulapati Munshi Marg, Mumbai
Name of publisher, distributor, etc Bharatiya Vidya Bhavan
Date of publication, distribution, etc 2012
270 ## - ADDRESS
Address Kulapati Munshi Marg, Mumbai - 400 007
City Mumbai
Postal code 400 007
Electronic mail address bhavan@bhavans.info
300 ## - PHYSICAL DESCRIPTION
Extent xviii, 621(Hb)
Dimensions 25 cm (Hb)
490 ## - SERIES STATEMENT
Volume number/sequential designation Volume 1
760 ## - MAIN SERIES ENTRY
Edition 1
942 ## - ADDED ENTRY ELEMENTS (KOHA)
Source of classification or shelving scheme Dewey Decimal Classification
Item type English Books
Classification part 342.5407
Call number suffix MUN
Edition 1
Holdings
Withdrawn status Lost status Not for loan Collection code Home library Current library Date acquired Source of acquisition Cost, normal purchase price Full call number Barcode Copy number Cost, replacement price Koha item type
      Non-fiction Central Jail Tihar Central Jail Tihar 02/04/2025 Delivery of Books Act Division 600.00 342.5407 MUN EN-127942 1 600.00 English Books

© Delhi Public Library
Hit Counter
free hit counter